Sindicatos: en el derecho chileno del trabajo
Gorde:
| Egile nagusia: | |
|---|---|
| Formatua: | Liburua |
| Hizkuntza: | gaztelania |
| Argitaratua: |
Santiago
LexisNexis
2005
|
| Edizioa: | 1a. ed |
| Saila: | Derecho del Trabajo y Seguridad Social
|
| Gaiak: | |
| Etiketak: |
Etiketa erantsi
Etiketarik gabe, Izan zaitez lehena erregistro honi etiketa jartzen!
|
MARC
| LEADER | 00000nam a2200000 a 4500 | ||
|---|---|---|---|
| 001 | UCK5607 | ||
| 003 | CL-VaPUC | ||
| 008 | 050805e20050600CL |||||||||||||||||spa|d | ||
| 020 | |a 9562385655 | ||
| 082 | 0 | 4 | |a 331.8 |b TAP |2 21 |
| 100 | 0 | |a Tapia Guerrero, Francisco J |e author |9 494461 | |
| 245 | 1 | 0 | |a Sindicatos: en el derecho chileno del trabajo |
| 250 | |a 1a. ed | ||
| 300 | |a 449 p | ||
| 942 | |c BK | ||
| 945 | |d 20050805 00:00:00 |a jcarroza | ||
| 260 | |a Santiago |b LexisNexis |c 2005 | ||
| 650 | 0 | |a Sindicatos |9 255034 | |
| 650 | 7 | |a DERECHO LABORAL |2 CL-VaPUC |9 15 | |
| 650 | 7 | |a DERECHOS SINDICALES |2 CL-VaPUC |9 16 | |
| 651 | 7 | |a CHILE |2 CL-VaPUC |9 494462 | |
| 583 | |a last modification |c 20170731 11:41:23 |k Rodrigo Vera | ||
| 490 | 0 | |a Derecho del Trabajo y Seguridad Social | |
| 999 | |c 314108 |d 314106 | ||
| 952 | |0 0 |1 0 |4 0 |6 331_800000000000000_TAP_2005 |7 0 |8 A |9 386022 |a BIBDER |b BIBDER |d 2019-11-22 |i 4155076 |o 331.8 TAP 2005 |p 4155076 |r 2023-01-25 |w 2019-11-22 |y BK |k DER | ||
| 952 | |0 0 |1 0 |4 0 |6 331_800000000000000_TAP_2005 |7 0 |8 A |9 386024 |a BIBDER |b BIBDER |d 2019-11-22 |i 4155092 |o 331.8 TAP 2005 |p 4155092 |r 2023-01-25 |w 2019-11-22 |y BK |k DER | ||
| 952 | |0 0 |1 0 |4 0 |6 331_800000000000000_TAP_2005 |7 0 |8 A |9 386025 |a BIBDER |b BIBDER |d 2019-11-22 |i 4485343 |o 331.8 TAP 2005 |p 4485343 |r 2023-01-25 |w 2019-11-22 |y BK |k DER | ||
| 952 | |0 0 |1 0 |4 0 |6 331_800000000000000_TAP_2005 |7 0 |8 A |9 386026 |a BIBDER |b BIBDER |d 2019-11-22 |i 4485351 |o 331.8 TAP 2005 |p 4485351 |r 2023-01-25 |w 2019-11-22 |y BK |k DER | ||